LEADER 01272nam a2200229 i 4500 001 000000020251 003 CaOOAMICUS 005 20250320120210.0 008 180830s1980 gw u000 u ger u 040 $aSeMil$bita 100 1 $aJacobi, Friedrich Heinrich,$d<1743-1819>.$0(OLS)http://semarc/name/9084 245 10$aWerke /$cFriedrich Heinrich Jacobi ; herausgegeben von Friedrich Roth und Friedrich Koppen. 264 1$aDarmstadt :$bWBG, Wissenschaftliche Buchgesellschaft,$c1980. 300 $a7 v. (in 8 tomi) ;$c19 cm. 500 $aRiproduzione facs. dell'edizione: Leipzig : G. Fleischer, 1812-1825 700 1 $aKöppen, Friedrich.$0(OLS)http://semarc/name/9086 700 1 $aRoth, Friedrich.$0(OLS)http://semarc/name/9085 774 0 $aJacobi, Friedrich Heinrich <1743-1819>$t4.1,2: Vorbericht ....$dDarmstadt : Wissenschaftliche Buchgesellschaft, 1980.$z3-534-03832-0$g4$w()106776 774 0 $aJacobi, Friedrich Heinrich <1743-1819>$t4/3: J.G. Hamanns Briefwechsel mit F.H. Jacobi.$dDarmstadt : Wissenschaftliche Buchgesellschaft, 1980.$z3-534-03832-0$g4$w()175514 996 $6245$aWerke$9(OLS)http://semarc/title/2862 996 $6264$aDarmstadt :$bWBG, Wissenschaftliche Buchgesellschaft$9(OLS)http://semarc/publisher/47241 LEADER 01514nam a2200265 i 4500 001 000000114782 003 CaOOAMICUS 005 20230123101931.0 008 030429s2001 it u000 u ita u 013 $a87470 040 $aSeMil$bita 100 1 $aConti, Luigi Francesco,$d<1953- >.$0(OLS)http://semarc/name/47939 245 13$aLa cena alle origini della tradizione evangelico-luterana tedesca :$bil rapporto tra dottrina e prassi nella genesi del culto protestante /$cTesi di laurea n. 27 [di] Luigi Francesco Conti. 260 $aPadova :$b[s.n.],$c2001. 300 $a251 p. ;$c24 cm. 500 $aIn testa al front. : Istituto di Liturgia Pastorale ... incorporato alla Facoltà di Sacra Teologia del Pontificio Ateneo S. Anselmo, Roma. - A piè del front. : Estratto della Tesi per il conseguimento del Dottorato ... - Fondo Card. C.M. Martini. 650 4$aEucaristia - Tradizione luterana.$0(OLS)http://semarc/subject/20934 700 1 $aPontificio Ateneo S. Anselmo : Istituto di liturgia pastorale.$0(OLS)http://semarc/name/47972 850 $aSeMil 852 $aSeMil$W1$xVenegono$y1$m2I V 555$j70325$B70325$CSeMilBibl$Z2$F88050 $81 941 1 $a4 961 $aOmaggio: Martini Card. Carlo Maria 996 $6245$aLa cena alle origini della tradizione evangelico-luterana tedesca :$bil rapporto tra dottrina e prassi nella genesi del culto protestante$9(OLS)http://semarc/title/167863 996 $6260$aPadova :$b[s.n.]$9(OLS)http://semarc/publisher/30689